00448nam a2200121Ia 4500008004100000020001500041100002000056245007200076260002200148300001900170999001900189952011800208180205s9999 xx 000 0 und d a9715226302 aRevilla, Lazaro aIncarting the christmas story :bthe salesian transforming presence aMakati Cityc2005 aiii, 247 pages c354821d354821 001040aCLbCLcFILd2018-02-05eLibrary Fundl0oPN 6071 .R454 2005pC6048r2018-05-08 00:00:00w2018-02-05yBK